Poesías

Gespeichert in:
Bibliographische Detailangaben
1. Verfasser: Machado, Antonio
Format: Buch
Sprache:Undetermined
Veröffentlicht: Buenos Aires, Argentina Losada 1943
Ausgabe:8
Schlagworte:
Tags: Tag hinzufügen
Keine Tags, Fügen Sie den ersten Tag hinzu!

MARC

LEADER 00000nam a2200000Ia 4500
008 170316s9999 xx 000 0 und d
040 |a cru BVZT 
090 |a 862 M-1p 
100 |a Machado, Antonio 
245 |a Poesías 
250 |a 8 
260 |a Buenos Aires, Argentina 
260 |b Losada 
260 |c 1943 
300 |a 271 páginas 
650 |a LITERATURA ESPAÑOLA 
942 0 0 |0 2 
999 |c 10114  |d 10114